00495nam a2200193 a 4500001001300000003000900013005001700022008004100039020001300080082001300093100002100106245005700127260002900184300000900213500003500222505001000257650001300267700002100280nice12345678IN_TiNIC20260116013047.0050524s1995 newa grp 000 0 eng  ac887.2600a230bOSB aOsborn, Lawrence aRestoring the Visionb the Gospel and Modern Culture aNew YorkbMowbray c1995 a210p aincludes index and biblioraphy2 aIndex aTheology1 aOsborn, Lawrence